Evaluación de la dolarización

Guardat en:
Dades bibliogràfiques
Format: Text
Matèries:
Etiquetes: Afegir etiqueta
Sense etiquetes, Sigues el primer a etiquetar aquest registre!

MARC

LEADER 00000 a a2200000 04500
001 6557
003
040
245 |a Evaluación de la dolarización  
650 |a POLITICA MONETARIA  
650 |a CRECIMIENTO ECONOMICO  
650 |a MERCADO FINANCIERO  
773 |g volumen 22, número 986; páginas 7-9  
999 |c 38408  |d 38408